<?xml version="1.0" encoding="UTF-8"?><marc:collection xmlns:marc="http://www.loc.gov/MARC21/slim">
  <marc:record>
    <marc:leader>00000nam##2200000za#4500</marc:leader>
    <marc:controlfield tag="001">9.620850</marc:controlfield>
    <marc:controlfield tag="003">CaOODSP</marc:controlfield>
    <marc:controlfield tag="005">20200401044243</marc:controlfield>
    <marc:controlfield tag="007">ta</marc:controlfield>
    <marc:controlfield tag="008">150406|1993||||xxc|||||     f|0| 0 fre|d</marc:controlfield>
    <marc:datafield tag="020" ind1=" " ind2=" ">
      <marc:subfield code="a">0-662-98282-7</marc:subfield>
    </marc:datafield>
    <marc:datafield tag="022" ind1=" " ind2=" ">
      <marc:subfield code="a">1188-7990</marc:subfield>
    </marc:datafield>
    <marc:datafield tag="040" ind1=" " ind2=" ">
      <marc:subfield code="a">CaOODSP</marc:subfield>
      <marc:subfield code="b">fre</marc:subfield>
    </marc:datafield>
    <marc:datafield tag="043" ind1=" " ind2=" ">
      <marc:subfield code="a">n-cn---</marc:subfield>
    </marc:datafield>
    <marc:datafield tag="086" ind1="1" ind2=" ">
      <marc:subfield code="a">En1-17/7-1993F</marc:subfield>
    </marc:datafield>
    <marc:datafield tag="110" ind1="1" ind2=" ">
      <marc:subfield code="a">Canada.</marc:subfield>
      <marc:subfield code="b">Environnement Canada. </marc:subfield>
      <marc:subfield code="b">Protection de l'environnement.</marc:subfield>
    </marc:datafield>
    <marc:datafield tag="245" ind1="1" ind2="0">
      <marc:subfield code="a">Incinérateur régénératif pour la destruction des émissions toxiques de l'industrie du papier goudronné </marc:subfield>
    </marc:datafield>
    <marc:datafield tag="260" ind1=" " ind2=" ">
      <marc:subfield code="a">Montréal - Québec : </marc:subfield>
      <marc:subfield code="b">Environnement Canada. </marc:subfield>
      <marc:subfield code="c">1993.</marc:subfield>
    </marc:datafield>
    <marc:datafield tag="300" ind1=" " ind2=" ">
      <marc:subfield code="a">4p. : </marc:subfield>
      <marc:subfield code="b">figures en couleur, tableaux ; </marc:subfield>
      <marc:subfield code="c">28 cm.</marc:subfield>
    </marc:datafield>
    <marc:datafield tag="490" ind1="1" ind2=" ">
      <marc:subfield code="a">Technologies Saint-Laurent </marc:subfield>
      <marc:subfield code="x">1188-7990</marc:subfield>
    </marc:datafield>
    <marc:datafield tag="500" ind1=" " ind2=" ">
      <marc:subfield code="a">«Cette fiche a été rédigée à partir des résultats d'un projet de développement et de démonstration technologique réalisé par la compagnie Cascades Inc. en collaboration avec la firme Biothermica International Inc. et financé par le Centre Saint-Laurent.»--Page 4. «Un incinérateur régénératif développé au départ pour les vapeurs de solvants légers des ateliers de peinture a été utilisé à l'usine de Cascades Inc., à Joliette (Québec), afin de déterminer son efficacité de destruction des émissions du saturateur de papier goudronné.»--Page 1.</marc:subfield>
    </marc:datafield>
    <marc:datafield tag="520" ind1="3" ind2=" ">
      <marc:subfield code="a">Cette fiche a été rédigée à partir des résultats d'un projet de développement et de démonstration technologique réalisé par la compagnie Cascades Inc. en collaboration avec la firme Biothermica International Inc. et financé par le Centre Saint-Laurent.--Page 4 Un incinérateur régénératif développé au départ pour les vapeurs de solvants légers des ateliers de peinture a été utilisé à l'usine de Cascades Inc., à Joliette (Québec), afin de déterminer son efficacité de destruction des émissions du saturateur de papier goudronné.--Page 1</marc:subfield>
    </marc:datafield>
    <marc:datafield tag="563" ind1=" " ind2=" ">
      <marc:subfield code="a">Dépliant</marc:subfield>
    </marc:datafield>
    <marc:datafield tag="691" ind1="0" ind2="7">
      <marc:subfield code="a">Déchets dangereux</marc:subfield>
      <marc:subfield code="2">gcpds</marc:subfield>
    </marc:datafield>
    <marc:datafield tag="691" ind1="0" ind2="7">
      <marc:subfield code="a">Industrie des pâtes et papiers</marc:subfield>
      <marc:subfield code="2">gcpds</marc:subfield>
    </marc:datafield>
    <marc:datafield tag="776" ind1="0" ind2="#">
      <marc:subfield code="t">Déchets dangereux. Incinérateur régénératif pour la destruction des émissions toxiques de l'industrie du papier goudronné </marc:subfield>
      <marc:subfield code="w">(CaOODSP)9.601839</marc:subfield>
    </marc:datafield>
    <marc:datafield tag="830" ind1="#" ind2="0">
      <marc:subfield code="a">Technologies Saint-Laurent,</marc:subfield>
      <marc:subfield code="x">1188-7990</marc:subfield>
      <marc:subfield code="w">(CaOODSP)9.512939</marc:subfield>
    </marc:datafield>
  </marc:record>
</marc:collection>
